<?xml version="1.0" encoding="UTF-8"?>
<collection xmlns="http://www.loc.gov/MARC21/slim">
 <record>
  <leader>00562pamaa2200181   4500</leader>
  <controlfield tag="001">0000045423</controlfield>
  <controlfield tag="005">20090618090000.0</controlfield>
  <controlfield tag="008">090618                             eng  </controlfield>
  <datafield tag="020" ind1="0" ind2="0">
   <subfield code="a">9781582701882 / 1582701881 </subfield>
  </datafield>
  <datafield tag="090" ind1="0" ind2="0">
   <subfield code="a">BJ1611 </subfield>
   <subfield code="b">WAT 2007</subfield>
  </datafield>
  <datafield tag="100" ind1="1" ind2="0">
   <subfield code="a">Wattles </subfield>
  </datafield>
  <datafield tag="245" ind1="0" ind2="4">
   <subfield code="a">The science of getting rich  </subfield>
   <subfield code="c">Wallace D. Wattles; </subfield>
   <subfield code="f">edited by Ruth L. Miller.</subfield>
  </datafield>
  <datafield tag="250" ind1="0" ind2="0">
   <subfield code="a">1st ed.</subfield>
  </datafield>
  <datafield tag="260" ind1="0" ind2="0">
   <subfield code="a">New York: </subfield>
   <subfield code="b">Atria Books ; Hillsboro, Or. : Beyond Words Pub., </subfield>
   <subfield code="c">2007.</subfield>
  </datafield>
  <datafield tag="300" ind1=" " ind2=" ">
   <subfield code="a">197 p.; </subfield>
   <subfield code="c">22 cm.</subfield>
  </datafield>
  <datafield tag="650" ind1="0" ind2="0">
   <subfield code="a">Wealth </subfield>
  </datafield>
  <datafield tag="650" ind1="0" ind2="0">
   <subfield code="a">Success </subfield>
  </datafield>
  <datafield tag="901" ind1=" " ind2=" ">
   <subfield code="u">http://www.simonsays.com</subfield>
  </datafield>
 </record>
</collection>
